000 00778nam a2200229 a 4500
001 000010797
005 20200929162308.0
008 091012s2002 sp a 001 0 spa d
020 _a8466203869
040 _aDO-SdBNP
082 _aR597
_bV514
100 1 _aVerhoef-Verhallen, Esther J. J.
_926084
240 3 _aEncyclopaedia of tropical fish
245 1 3 _aLa enciclopedia de los peces tropicales /
_cEsther J. J. Verhoef-Verhallen; traducción Blanca de Cerro.
260 _aMadrid :
_bLibsa,
_c2002.
300 _a255 p. :
_bil ;
_c25 cm.
500 _aIncluye datos biográficos de la autora en la solapa de la contracubierta
650 4 _aPeces de acuarios
_926085
650 4 _aPeces tropicales
_926086
700 1 _aCerro, Blanca de
_etrad.
_926087
049 _aBNPD
999 _c10546
_d10546